000 01267cam a2200337 i 4500
001 16258292
003 ARRUPE
005 20131009171927.0
008 100427s2010 enk b 001 0aeng
010 _a 2010474670
020 _a9780904717297 (pbk.)
020 _a9780904717341 (pbk.)
040 _aDLC
_beng
_cDLC
_erda
_dDLC
041 1 _aeng
_hspa
042 _apcc
050 0 0 _aBX3756
_bA751.C45 2010
100 1 _aArrupe, Pedro,
_d1907-1991.
_92376
240 1 0 _aAquí me tienes, Señor.
_lEnglish
245 1 0 _aChosen by God :
_bPedro Arrupe's retreat notes, 1965 /
_ctranslated with an introduction by Joseph A. Munitiz, SJ ; edited by Philip Endean, SJ and Elizabeth Lock.
260 _aOxford :
_bWay Books,
_c2010.
300 _axlviii, 82 pages ;
_c24 cm
504 _aIncludes bibliographical references and index.
546 _aIn English; translated from Spanish.
600 1 0 _aArrupe, Pedro,
_d1907-
_vDiaries.
_92377
650 0 _aSpiritual life
_xCatholic Church.
_92378
700 1 _aMunitiz, Joseph A.
_92379
700 1 _aArrupe, Pedro,
_d1907-1991.
_tAquí me tienes, Señor.
_92380
906 _a7
_bcbc
_corigres
_d2
_encip
_f20
_gy-gencatlg
942 _2lcc
_cMONOGRAPH
999 _c118309
_d118309